000
00202 a2200097 4500
001
2519
100
_a
Green, W
245
_a
The Aircraft of the World
260
_a
_b
Macdonald
_c
090
_c
1816
_d
1816
942
_a
NUST-CAE
_c
M
_c
9069
999
_c
237592
_d
237592